01154nam a2200265Ia 450000500170000000800410001702000180005804000180007604100080009408200260010210000140012824501070014225000120024926000350026130000290029665000350032565000330036065000250039370000360041870000330045494200350048799900190052295201740054195201730071520250109115211.0210716s2010 xx 000 0 und d a9783540708261 cAIMIT LIBRARY aeng a001.0720063 21bTIZH a.9192817 aOppositional concepts in computational intelligence /cEdited by Hamid R Tizhoosh and Mario Ventresca. a1st ed. aNew Delhi :bSpringer ,c2010. axii,326p. ;bPBc24.5 cm aMotivations and theory9192818 aSearch and reasoning9192819 aOptimization9192820 aTizhoosh, Hamid R., ed.9192821 aVentresca, Mario.ed.9192822 2ddccBKe1stk001.0720063 TIZH c192106d192106 00102ddc40708MCAaAIMITbAIMITeKnowledge Worldg399.00iBill no:1185; Bill dt:2012-01-27l0o001.0720063 TIZHpMCA11614r2025-07-21 00:00:00v299.25w2021-07-16yBK 00102ddc40708MCAaAIMITbAIMITeKnowledge Worldg499.00iBill no:218; Bill dt:2016-03-04l0o001.0720063 TIZHpMCA14676r2025-07-21 00:00:00v374.25w2021-07-16yBK